Obchodné praktiky v USA

Vybraná časť z diplomovej práce R. Tröslera: Konkurenčná výkonnosť ekonomickej triády. Zahranično-obchodná stratégia USA. Obrana USA pred konkurenciou zo zahraničia - antidumpigové právo, neprípustné praktiky, únikové doložky. Problémové oblasti zahranično-obchodnej a priemyselnej politiky USA. Výho...

Descrizione completa

Salvato in:
Dettagli Bibliografici
Autore principale: Tröster, Richard
Natura: Capitolo di libro
Lingua:slovacco
Soggetti:
Tags: Aggiungi Tag
Nessun Tag, puoi essere il primo ad aggiungerne!!

MARC

LEADER 00000naa a2200000 4500
001 r047163
005 20230825103648.1
041 0 |a slo 
044 |a SK 
245 1 0 |a Obchodné praktiky v USA  |c Richard Tröster 
520 |a Vybraná časť z diplomovej práce R. Tröslera: Konkurenčná výkonnosť ekonomickej triády. Zahranično-obchodná stratégia USA. Obrana USA pred konkurenciou zo zahraničia - antidumpigové právo, neprípustné praktiky, únikové doložky. Problémové oblasti zahranično-obchodnej a priemyselnej politiky USA. Výhody plynúce z postavenia amerického dolára ako rezervnej meny. 
610 2 0 |a politika zahraničnoobchodná 
610 2 0 |a politika priemyselná 
610 2 0 |a konkurencieschopnosť 
610 2 0 |a ochrana trhu 
610 2 0 |a antidumping 
610 2 0 |a USA 
610 2 0 |a dolár 
100 1 |a Tröster, Richard